La cultura del renacimiento en Italia

保存先:
書誌詳細
第一著者: Burckhardt, Jacob (著者)
フォーマット: 図書
言語:スペイン語
出版事項: Barcelona Iberia 1979
シリーズ:Obras Maestras
主題:
タグ: タグ追加
タグなし, このレコードへの初めてのタグを付けませんか!

MARC

LEADER 00000nam a2200000 a 4500
001 UCW0252
003 CL-VaPUC
008 920512e19790000SP |||||||||||||||||spa|d
082 0 4 |a 945.05  |b BUR  |2 21 
100 0 |a Burckhardt, Jacob  |e author  |9 304203 
245 1 3 |a La cultura del renacimiento en Italia 
300 |a 435 p 
942 |c BK 
945 |d 19920512 00:00:00 
260 |a Barcelona  |b Iberia  |c 1979 
650 0 |a Renacimiento  |9 255107 
650 0 |a Humanismo  |9 256530 
651 0 |a Italia  |9 254949 
583 |a last modification  |c 19920512 00:00:00  |k Rodrigo Vera 
490 0 |a Obras Maestras 
999 |c 215470  |d 215468 
952 |0 0  |1 0  |4 0  |6 945_050000000000000_BUR_1979  |7 0  |8 A  |9 199794  |a BIBEDU  |b BIBEDU  |d 2019-11-14  |i 2670550  |o 945.05 BUR 1979  |p 2670550  |r 2019-11-14  |w 2019-11-14  |y BK  |k LIT